Broom Groom / (Record no. 54225)
[ view plain ]
| 000 -LEADER | |
|---|---|
| fixed length control field | 02114nam a22003137a 4500 |
| 005 - DATE AND TIME OF LATEST TRANSACTION | |
| control field | 20110722120559.0 |
| 010 ## - LCCN (DPL NO) | |
| LC control number | B-427857-864 |
| 020 ## - INTERNATIONAL STANDARD BOOK NUMBER | |
| International Standard Book Number | 9789380710013 |
| Terms of availability | 195.00 |
| 037 ## - SOURCE OF ACQUISITION | |
| Source of stock number/acquisition | BPPD/PUB |
| 037 ## - SOURCE OF ACQUISITION | |
| Source of stock number/acquisition | Allied Pub/Ven |
| 082 ## - DEWEY DECIMAL CLASSIFICATION NUMBER | |
| Classification number | 395 |
| 100 ## - MAIN ENTRY--PERSONAL NAME | |
| Personal name | Bedi, Kiran |
| 245 ## - TITLE STATEMENT | |
| Title | Broom Groom / |
| Statement of responsibility, etc | by Kiran Bedi [and] Pavan Choudary |
| 260 ## - PUBLICATION, DISTRIBUTION, ETC. (IMPRINT) | |
| Place of publication, distribution, etc | Gurgaon |
| Name of publisher, distributor, etc | Wisdom Village (Publication Division) |
| Date of publication, distribution, etc | 2010 |
| 270 ## - ADDRESS | |
| Address | 649,O4U, Udyog Vihar, Phase V, |
| City | Gurgaon, Haryana |
| Postal code | 122001 |
| 300 2# - PHYSICAL DESCRIPTION | |
| Extent | 168p. . |
| Dimensions | 15cm(Hb) |
| 650 ## - SUBJECT ADDED ENTRY--TOPICAL TERM | |
| Topical term or geographic name as entry element | Novel |
| 710 ## - ADDED ENTRY--CORPORATE NAME | |
| 9 (RLIN) | 29906 |
| Corporate name or jurisdiction name as entry element | Choudary, Pavan |
| 942 ## - ADDED ENTRY ELEMENTS (KOHA) | |
| Source of classification or shelving scheme | Dewey Decimal Classification |
| Item type | English Books |
| Call number suffix | BED |
| Classification part | 395 |
| Withdrawn status | Lost status | Not for loan | Collection code | Home library | Current library | Date acquired | Source of acquisition | Cost, normal purchase price | Full call number | Barcode | Copy number | Cost, replacement price | Koha item type | Public note |
|---|---|---|---|---|---|---|---|---|---|---|---|---|---|---|
| Non-fiction | Bawana | Bawana | 01/08/2011 | Allied Pub/2777/16.3.2011/75/4.3.11/30.3.11 | 195.00 | 395 BED | B-427862 | 1 | 195.00 | English Books | ||||
| Non-fiction | Janak Puri | Janak Puri | 01/08/2011 | Allied Pub/2777/16.3.2011/75/4.3.11/30.3.11 | 195.00 | 395 BED | B-427859 | 1 | 195.00 | English Books | ||||
| Written off | Non-fiction | Narela | Narela | 01/08/2011 | Allied Pub/2777/16.3.2011/75/4.3.11/30.3.11 | 195.00 | 395 BED | B-427863 | 1 | 195.00 | English Books | Written off on approval by DLB (By Circulation); dtd 20.12.2022 | ||
| Written-off vide DLB M. No. 383 dt 16.05.19 | Non-fiction | Patel Nagar | Patel Nagar | 01/08/2011 | Allied Pub/2777/16.3.2011/75/4.3.11/30.3.11 | 195.00 | 395 BED | B-427858 | 1 | 195.00 | English Books | |||
| Non-fiction | Sarojini Nagar | Sarojini Nagar | 01/08/2011 | Allied Pub/2777/16.3.2011/75/4.3.11/30.3.11 | 195.00 | 395 BED | B-427857 | 1 | 195.00 | English Books | Legal Case Register No. 28 | |||
| Non-fiction | Sarojini Nagar | Sarojini Nagar | 01/08/2011 | Allied Pub/2777/16.3.2011/75/4.3.11/30.3.11 | 195.00 | 395 BED | B-427860 | 1 | 195.00 | English Books | ||||
| Non-fiction | Shahdara Branch | Shahdara Branch | 01/08/2011 | Allied Pub/2777/16.3.2011/75/4.3.11/30.3.11 | 195.00 | 395 BED | B-427864 | 1 | 195.00 | English Books | ||||
| Non-fiction | Vinoba Puri | Vinoba Puri | 01/08/2011 | Allied Pub/2777/16.3.2011/75/4.3.11/30.3.11 | 195.00 | 395 BED | B-427861 | 1 | 195.00 | English Books |
